| 000 | 02007nam a2200421 a 4500 | ||
|---|---|---|---|
| 001 | ebr10481025 | ||
| 003 | CaPaEBR | ||
| 006 | m u | ||
| 007 | cr cn||||||||| | ||
| 008 | 050826s2006 nyuad sb 001 0 eng d | ||
| 010 | _z 2005025036 | ||
| 020 | _z0801444330 (cloth : alk. paper) | ||
| 020 | _z9780801474453 (pbk. : alk. paper) | ||
| 020 | _z9780801444333 | ||
| 020 | _z9780801461804 (e-book) | ||
| 040 |
_aCaPaEBR _cCaPaEBR |
||
| 035 | _a(OCoLC)742517425 | ||
| 043 | _aa-ja--- | ||
| 050 | 1 | 4 |
_aHD7227 _b.S37 2006eb |
| 082 | 0 | 4 |
_a362.952/09/051 _222 |
| 100 | 1 |
_aSchoppa, Leonard J. _q(Leonard James), _d1962- |
|
| 245 | 1 | 0 |
_aRace for the exits _h[electronic resource] : _bthe unraveling of Japan's system of social protection / _cLeonard J. Schoppa. |
| 260 |
_aIthaca, N.Y. : _bCornell University Press, _c2006. |
||
| 300 |
_axvi, 247 p. : _bill. |
||
| 504 | _aIncludes bibliographical references (p. [213]-242) and index. | ||
| 505 | 0 | _aExit, voice, and Japan's economic problems -- Taking exit and voice seriously -- Productive and protective elements of convoy capitalism -- The race for the exits begins -- The policy impact of hollowing out -- Case studies in economic reform -- The policy impact of exit by women -- Exceptions that prove the rule -- Toward a new system of social protection in Japan. | |
| 533 |
_aElectronic reproduction. _bPalo Alto, Calif. : _cebrary, _d2013. _nAvailable via World Wide Web. _nAccess may be limited to ebrary affiliated libraries. |
||
| 650 | 0 |
_aSocial security _zJapan. |
|
| 650 | 0 |
_aEconomic security _zJapan. |
|
| 650 | 0 |
_aHuman services _zJapan. |
|
| 651 | 0 |
_aJapan _xSocial conditions _y1945- |
|
| 651 | 0 |
_aJapan _xEconomic conditions _y1989- |
|
| 651 | 0 |
_aJapan _xSocial policy. |
|
| 651 | 0 |
_aJapan _xEconomic policy _y1989- |
|
| 655 | 7 |
_aElectronic books. _2local |
|
| 710 | 2 | _aebrary, Inc. | |
| 856 | 4 | 0 |
_uhttp://site.ebrary.com/lib/rucke/Doc?id=10481025 _zAn electronic book accessible through the World Wide Web; click to view |
| 999 |
_c118749 _d118749 |
||